| 000 | 00789nam a22002297a 4500 | ||
|---|---|---|---|
| 999 |
_c14861 _d14861 |
||
| 003 | AR-CdUCM | ||
| 008 | 190424b ||||| |||| 00| 0 spa d | ||
| 020 | _a978-84-9825-980-3 | ||
| 040 |
_aMUNICIPALIDAD PROVINCIAL DEL CUSCO _cBIBLIOTECA MUNICIPAL DEL CUSCO |
||
| 082 |
_aEP / 372 / _bA33 |
||
| 100 |
_aAlsina, Angel _933457 |
||
| 245 |
_aMate Cracks : _b¡Para ser unos buenos matemáticos ! 7 años / |
||
| 260 |
_aBarcelona : _bCombel editorial, _c2015. |
||
| 300 |
_a32 paginas ; _bIlustraciones, graficos, dibujos _c 28 cm. |
||
| 500 | _aTexto de aprendizaje. | ||
| 650 |
_aInfantil matemática _933812 |
||
| 650 |
_aTextos _94584 |
||
| 700 |
_aFortuny, Liliana (ilustraciones) _933730 |
||
| 856 | _fwww.combeleditorial.com | ||
| 942 |
_2ddc _cLIBROS |
||
| 945 |
_acmm _d2019-04-24 |
||